Điện tử công suất

Wedi'i Gadw mewn:
Manylion Llyfryddiaeth
Prif Awdur: Nguyễn Bính
Fformat: Llyfr
Iaith:Undetermined
Cyhoeddwyd: Hà Nội KHKT 1996
Pynciau:
Tagiau: Ychwanegu Tag
Dim Tagiau, Byddwch y cyntaf i dagio'r cofnod hwn!
Thư viện lưu trữ: Trung tâm Học liệu Trường Đại học Cần Thơ
LEADER 00446nam a2200169Ia 4500
001 CTU_14183
008 210402s9999 xx 000 0 und d
082 |a 621.3815 
082 |b B312 
100 |a Nguyễn Bính 
245 0 |a Điện tử công suất 
245 0 |c Nguyễn Bính 
260 |a Hà Nội 
260 |b KHKT 
260 |c 1996 
650 |a electronics 
980 |a Trung tâm Học liệu Trường Đại học Cần Thơ